Concise chemistry for pre-degree classes, Vol 2 / (Record no. 10729)
[ view plain ]
| 000 -LEADER | |
|---|---|
| fixed length control field | 00569cam a2200229ua 4500 |
| 041 ## - LANGUAGE CODE | |
| Language code of text/sound track or separate title | eng |
| 082 ## - DEWEY DECIMAL CLASSIFICATION NUMBER | |
| Classification number | 540 |
| Item number | GOP/CO |
| 100 ## - MAIN ENTRY--AUTHOR NAME | |
| Personal name | Gopalakrishnan, K A . |
| 245 ## - TITLE STATEMENT | |
| Title | Concise chemistry for pre-degree classes, Vol 2 / |
| 250 ## - EDITION STATEMENT | |
| Edition statement | 1 / |
| 260 ## - PUBLICATION, DISTRIBUTION, ETC. (IMPRINT) | |
| Place of publication | : |
| Name of publisher | Vinoth publications , |
| Year of publication | 1964. |
| 300 ## - PHYSICAL DESCRIPTION | |
| Number of Pages | 281 ; . |
| 942 ## - ADDED ENTRY ELEMENTS (KOHA) | |
| Koha item type | Books |
| Withdrawn status | Lost status | Damaged status | Home library | Current library | Date acquired | Full call number | Accession Number | Koha item type | Public note |
|---|---|---|---|---|---|---|---|---|---|
| Withdrawn | KAUAET | KAUAET | 07/04/2012 | 540 | 7307 | Books | |||
| Withdrawn | KAUAET | Sanskrit University | 07/04/2012 | 540 | 7305 | Books | Transferred to Sanskrit University | ||
| Withdrawn | KAUAET | Sanskrit University | 07/04/2012 | 540 | 7309 | Books | Transferred to Sanskrit University | ||
| Withdrawn | KAUAET | Sanskrit University | 07/04/2012 | 540 | 7308 | Books | Transferred to Sanskrit University | ||
| Withdrawn | KAUAET | Sanskrit University | 07/04/2012 | 540 | 7304 | Books | Transferred to Sanskrit University |
